000 00315nam a2200133Ia 4500
100 _aStevens/Richard W
942 _cBK
654 _aunix
245 _aUnix network programing:the socket networking API
260 _bPrentice Hall of India
_c2004
082 _a005.133U
_bSTE
300 _a991
546 _aENGLISH
999 _c26147
_d26147